5HLuxD.jpg

KING HENRY VIII SENIOR AND PRIMARY SCHOOL LIBRARY OPAC

I love my new toy! / (Record no. 1574)

000 -LEADER
fixed length control field 01246cam a2200349 ib4500
001 - CONTROL NUMBER
control field 005631490
003 - CONTROL NUMBER IDENTIFIER
control field OSt
005 - DATE AND TIME OF LATEST TRANSACTION
control field 20230112172659.0
008 - FIXED-LENGTH DATA ELEMENTS--GENERAL INFORMATION
fixed length control field 220715s2008 enka b 000 1 eng d
020 ## - INTERNATIONAL STANDARD BOOK NUMBER
International Standard Book Number 9781406348262
Qualifying information (pbk.) :
040 ## - CATALOGING SOURCE
Original cataloging agency NCNU
Language of cataloging eng
Transcribing agency NCNU
Modifying agency NCNU
-- KH8
Description conventions AACR2
042 ## - AUTHENTICATION CODE
Authentication code nbic
082 ## - DEWEY DECIMAL CLASSIFICATION NUMBER
Classification number 813.6 WIL
100 1# - MAIN ENTRY--PERSONAL NAME
Personal name Willems, Mo.
Relator term author
245 10 - TITLE STATEMENT
Title I love my new toy! /
Statement of responsibility, etc. by Mo Willems.
260 ## - PUBLICATION, DISTRIBUTION, ETC.
Place of publication, distribution, etc. London :
Name of publisher, distributor, etc. Walker Books,
Date of publication, distribution, etc. c2008.
300 ## - PHYSICAL DESCRIPTION
Extent 57 p. :
Other physical details col. ill. ;
Dimensions 23 cm.
490 1# - SERIES STATEMENT
Series statement An elephant & piggie book.
520 ## - SUMMARY, ETC.
Summary, etc. When Elephant accidentally breaks Piggie's new toy, they both experience intense feelings before coming to realize how important their friendship is.
521 1# - TARGET AUDIENCE NOTE
Target audience note Interest age level: 004-008.
586 ## - AWARDS NOTE
Awards note Theodor Seuss Geisel Award, 2009.
650 #0 - SUBJECT ADDED ENTRY--TOPICAL TERM
Topical term or geographic name entry element Gerald (Fictitious character : Willems)
Form subdivision Fiction.
650 #0 - SUBJECT ADDED ENTRY--TOPICAL TERM
Topical term or geographic name entry element Piggie (Fictitious character : Willems)
Form subdivision Fiction.
650 #0 - SUBJECT ADDED ENTRY--TOPICAL TERM
Topical term or geographic name entry element Emotions
Form subdivision Juvenile fiction.
650 #0 - SUBJECT ADDED ENTRY--TOPICAL TERM
Topical term or geographic name entry element Friendship
Form subdivision Juvenile fiction.
650 #0 - SUBJECT ADDED ENTRY--TOPICAL TERM
Topical term or geographic name entry element Elephants
Form subdivision Juvenile fiction.
650 #0 - SUBJECT ADDED ENTRY--TOPICAL TERM
Topical term or geographic name entry element Pigs
Form subdivision Juvenile fiction.
650 #0 - SUBJECT ADDED ENTRY--TOPICAL TERM
Topical term or geographic name entry element Humorous stories.
830 #0 - SERIES ADDED ENTRY--UNIFORM TITLE
Uniform title Elephant & piggie book.
830 #0 - SERIES ADDED ENTRY--UNIFORM TITLE
Uniform title Elephant and piggie book.
942 ## - ADDED ENTRY ELEMENTS (KOHA)
Source of classification or shelving scheme
Koha item type Books - Non Ficton
Holdings
Withdrawn status Lost status Source of classification or shelving scheme Damaged status Not for loan Collection code Permanent Location Current Location Shelving location Date acquired Total Checkouts Total Renewals Full call number Barcode Date last seen Date last checked out Price effective from Koha item type
          Non-Fiction KH8 Primary School Library KH8 Primary School Library Fiction 2023-01-12 21 1 813.6 WIL KHPL000003335 2026-02-03 2026-01-27 2023-01-12 Books - Non Ficton

Powered By KH8 IT Dept